00554nam a2200217Ia 4500003000400000005001700004006001900021007000300040008004100043024001100084037003600095040002000131041001300151082001900164100002400183245004200207260005700249300001500306490000800321650000700329OSt20221006151231.0a|||||r|||| 00| 0 ta221006b |||||||| |||| 00| 0 jpn d a21,386 bGift, Japan FoundationcTextual aEASLcEASLbjpn 2jpnajpn aY:1v42.N98, N8 aHAMAGUCHI Eshun Ed. 0aSekai no naka no Nihon gata shisutemu aKyotobKokusai Nihon Bunka Kenkyu Senta Japan c1998 a396p.ccm. v JL aJL